| 000 | 00338nam a22001457a 4500 | ||
|---|---|---|---|
| 020 | _qHB. | ||
| 040 | _cFIZZA ISHAQ | ||
| 082 |
_a721.822 _bDAN |
||
| 100 |
_aRAMSEY, DAN. _945273 |
||
| 245 |
_aBUILDER GUIDE TO BARRIERS / _cDAN RAMSEY. |
||
| 250 | _a3rd ED. | ||
| 260 |
_bMC GRAW HILL, _c1996. |
||
| 300 | _a260 P. ; | ||
| 942 |
_2ddc _cBK |
||
| 999 |
_c589340 _d589340 |
||